00403nam a22001697a 450000500170000000800410001702000260005804000090008404100120009308200180010510000170012324500270014025000080016726000340017530000090020965000150021820250318115909.0250318b |||||||| |||| 00| 0 eng d a9788193043707c575.00 aMAIN aEnglish a543.085 bAJA aAjai, Kumar  aCoordination Chemistry a8th aUttar Pradesh bAaryushc2024 aV.P. aChemistry